ロード中...

Project management,planning and control

書誌詳細
第一著者: Lester, Albert
その他の著者: Ing, Eur
フォーマット: eBook
言語:English
出版事項: Elsevier 2007
版:5th ed.
主題:
オンライン・アクセス:http://www.sciencedirect.com/science/book/9780750669566
LEADER 00680 a2200205 4500
005 20151026133252.0
008 130826b xxu||||| |||| 00| 0 eng d
020 |a 978-0-7506-6956-6  
100 |a  Lester, Albert 
245 |a Project management,planning and control 
250 |a 5th ed. 
260 |c 2007  |b Elsevier 
653 |a Construction and Manufacturing Projects 
653 |a Conflict management 
653 |a Information management 
700 |a  Ing, Eur 
856 |u http://www.sciencedirect.com/science/book/9780750669566 
942 |c EB  |6 _ 
999 |c 66830  |d 66830 
952 |0 0  |1 0  |2 udc  |4 0  |6 _  |7 0  |9 79098  |a UL  |b UL  |d 2013-05-09  |g 0.00  |p EB000189  |r 2013-05-09  |v 0.00  |w 2013-05-09  |y EB